000 00489nam a2200157 i 4500
001 20649
003 ES-MaACL
005 20230906152335.0
007 t|
008 021115s1969 sp ||||1| spa d
100 1 _aAina Naval, Leandro.
_918979
245 1 3 _aLa Virgen del Pilar
_b: historia breve de su culto y su templo /
_cpor Leandro Aina Naval.
260 _aZaragoza :
_b[s.n.],
_c1969 (
_fImp. Octavio y Félez)
300 _a104 p. ;
_c21 cm.
852 _aES-MaACL
_jC-49863
_bR.71805
999 _c20649
_d20649